000 01652nam a2200385 c 4500
999 _c116419
_d116419
003 BLK
005 20220824141723.0
008 180409b bul|||||r ||||||| ||bul||
010 _aKNG00121961000
040 _aBLK
041 _aBUL
_cBUL
080 _aБио-библиографии
_b016:929
_x:092
_z016:929:092
080 _aБългарска литература
_b821.163.2
_x(01)
_z821.163.2(01)
080 _b929 Станчев, Лъчезар
_z929 Станчев, Лъчезар
100 1 _aЦанков, Атанас
_eпърви автор
_9368970
139 _aЦанков, Атанас и др.
_bС 70
245 1 0 _aЛъчезар Станчев
_bБио-библиогр. очерк
_cАтанас Цанков; съавт. Христина Шаллиева.
257 _aBGR
260 _aСофия
_bДом на лит. и изкуствата за деца и юноши
_c1974
300 _a47 с.
_bс 1 портр.
_c19 см
380 _aDN
490 _aБиблиотека Детски творци
_9204988
500 _aАвт. не са отбелязани на кор.
600 1 4 _aСтанчев, Лъчезар
_9367843
650 4 _aБио-библиографии
_9148651
650 4 _aПисатели, детски, български
_9279820
653 _aдетски писатели
653 _aбио-библиографии
700 1 _aШаллиева, Христина
_eсъавт.
_9142592
852 _aЦб 72935
856 4 _qpdf
856 4 _qpdf
942 _cKNG
_n0
_s1
944 _aCR
_c15.03.2011
_lдобави в АБ / 14.03.2011
_kГеновева_Генчева
944 _aED
_c15.03.2011
_lдобави в АБ / 14.03.2011
944 _aED
_c2022-08-24
_kХристина Везирева
999 _d116419